[Event "SLO-chT1 East"]
[Site "Slovenia"]
[Date "2019.09.06"]
[Round "1.3"]
[White "Sivic, Jernej"]
[Black "Hercog, Nusa"]
[Result "1/2-1/2"]
[WhiteElo "2091"]
[BlackElo "1959"]
[PlyCount "106"]
[EventDate "2019.09.06"]
[EventType "team-tourn"]
[EventRounds "9"]
[EventCountry "SLO"]
[SourceTitle "EXT 2020"]
[Source "ChessBase"]
[SourceDate "2019.10.17"]
[SourceVersion "1"]
[SourceVersionDate "2019.10.17"]
[SourceQuality "1"]
[WhiteTeam "Fram"]
[BlackTeam "Celjski"]
[WhiteTeamCountry "SLO"]
[BlackTeamCountry "SLO"]

1. Nf3 d5 2. g3 Nf6 3. Bg2 h6 4. 0-0 Bf5 5. c4 c6 6. cxd5 cxd5 7. Qb3 Qb6 8. Qxb6 axb6 9. d3 e6 10. Nd4 Bh7 11. Nb5 Ra5 12. a4 Kd7 13. Nd2 Nc6 14. Nb3 Ra6 15. Bf4 Bb4 16. Rfc1 Rc8 17. h4 Nh5 18. Bd2 Bxd2 19. Nxd2 Nf6 20. Nf3 Raa8 21. Rc3 Ne8 22. b3 Nd6 23. Rac1 Bf5 24. Nfd4 Bh7 25. Kf1 g5 26. hxg5 hxg5 27. Bh3 f5 28. f4 g4 29. Bg2 Bg6 30. Kf2 Bf7 31. Nxd6 Kxd6 32. Nb5+ Kd7 33. e3 Bg6 34. Rh1 Rh8 35. Rcc1 Rac8 36. Ke2 Rce8 37. Kd2 Rc8 38. Rxh8 Rxh8 39. Rh1 Rxh1 40. Bxh1 Bf7 41. Kc3 Bg6 42. Bg2 Bh7 43. Nd4 Nxd4 44. Kxd4 Kd6 45. e4 Bg8 46. b4 b5 47. a5 Bf7 48. Bf1 Bg8 49. Ke3 Bf7 50. Be2 Bg8 51. exf5 exf5 52. d4 Be6 53. Bd3 Kc6 1/2-1/2

[Event "SLO-chT1 East"]
[Site "Slovenia"]
[Date "2018.11.09"]
[Round "7"]
[White "Sivic, Jernej"]
[Black "Rajkovic, Dusan"]
[Result "1/2-1/2"]
[WhiteElo "2117"]
[BlackElo "2322"]
[PlyCount "80"]
[EventDate "2018.09.28"]
[EventType "team-tourn"]
[EventRounds "9"]
[EventCountry "SLO"]
[SourceTitle "EXT 2021"]
[Source "ChessBase"]
[SourceDate "2020.10.23"]
[SourceVersion "1"]
[SourceVersionDate "2020.10.23"]
[SourceQuality "1"]

1. Nf3 Nf6 2. c4 c5 3. g3 b6 4. Bg2 Bb7 5. 0-0 e6 6. b3 Be7 7. Bb2 0-0 8. d4 cxd4 9. Nxd4 Bxg2 10. Kxg2 a6 11. Nc3 Qc7 12. e4 d6 13. Qe2 Nbd7 14. Rad1 Rfe8 15. f3 Bf8 16. Qf2 Qb7 17. g4 g6 18. Nde2 b5 19. cxb5 axb5 20. Ng3 b4 21. Na4 Ra5 22. h4 h6 23. Qd2 Nh7 24. h5 e5 25. hxg6 fxg6 26. Rh1 Ng5 27. Bc1 Rc8 28. Qf2 Nf7 29. Be3 Raa8 30. Qd2 Rc6 31. Rc1 Rac8 32. Rxc6 Rxc6 33. Rc1 Rxc1 34. Qxc1 Qb5 35. Qc4 Qxc4 36. bxc4 Nd8 37. Bd2 Nc6 38. Nf1 Nc5 39. Nb2 b3 40. axb3 Nxb3 1/2-1/2

[Event "SLO-chT1 East"]
[Site "Sentjur"]
[Date "2013.10.19"]
[Round "4"]
[White "Sivic, Jernej"]
[Black "Zaja, Ivan"]
[Result "1/2-1/2"]
[WhiteElo "2103"]
[BlackElo "2487"]
[PlyCount "110"]
[EventDate "2013.10.17"]
[EventType "team-tourn"]
[EventRounds "9"]
[EventCountry "SLO"]
[SourceTitle "EXT 2015"]
[Source "ChessBase"]
[SourceDate "2014.11.20"]
[SourceVersion "1"]
[SourceVersionDate "2014.11.20"]
[SourceQuality "1"]

1. d4 e6 2. c4 b6 3. Nc3 Bb4 4. Qc2 f5 5. Nf3 Bb7 6. a3 Bxc3+ 7. Qxc3 Nf6 8. Bg5 h6 9. Bxf6 Qxf6 10. e3 g5 11. 0-0-0 d6 12. Ne1 Nd7 13. Be2 g4 14. f3 h5 15. h3 g3 16. f4 0-0-0 17. Bf3 Be4 18. Rf1 Nf8 19. Nd3 Ng6 20. Nb4 c5 21. Nc6 Bxc6 22. Bxc6 Kc7 23. Bb5 Kb7 24. Qb3 Qe7 25. Qa4 Qc7 26. Rd3 cxd4 27. exd4 d5 28. Rc3 dxc4 29. Rxc4 Qd6 30. Kb1 Ne7 31. Rfc1 a5 32. Rc7+ Qxc7 33. Rxc7+ Kxc7 34. Qc2+ Kd6 35. Qe2 Ng6 36. Qf3 Ke7 37. Qxg3 Kf7 38. Qc3 Rc8 39. Qf3 Ne7 40. Qb7 Rb8 41. Qf3 Rbd8 42. Qd1 Nd5 43. Qf3 Rd6 44. Bc4 Ne7 45. Qe3 Ng6 46. Qd3 Kf6 47. Qg3 h4 48. Qg5+ Kg7 49. Be2 Rxd4 50. Bh5 Rh6 51. Bxg6 Rxg6 52. Qe7+ Kg8 53. Qe8+ Kg7 54. Qe7+ Kg8 55. Qe8+ Kg7 1/2-1/2

[Event "SLO-chT1 East"]
[Site "Sentjur"]
[Date "2013.10.18"]
[Round "2"]
[White "Sivic, Jernej"]
[Black "Kovacevic, Blazimir"]
[Result "0-1"]
[WhiteElo "2103"]
[BlackElo "2434"]
[PlyCount "52"]
[EventDate "2013.10.17"]
[EventType "team-tourn"]
[EventRounds "9"]
[EventCountry "SLO"]
[SourceTitle "EXT 2015"]
[Source "ChessBase"]
[SourceDate "2014.11.20"]
[SourceVersion "1"]
[SourceVersionDate "2014.11.20"]
[SourceQuality "1"]

1. d4 e6 2. c4 Bb4+ 3. Bd2 c5 4. Bxb4 cxb4 5. g3 Nf6 6. Bg2 0-0 7. e4 d6 8. f4 e5 9. Ne2 Bg4 10. h3 Bxe2 11. Qxe2 Nc6 12. d5 Nd4 13. Qd3 Qb6 14. Nd2 Nd7 15. Rc1 Rfe8 16. f5 Nc5 17. Qe3 Ncb3 18. Kd1 Nxc1 19. Kxc1 f6 20. h4 Rac8 21. Kb1 Rc5 22. Rf1 Qa6 23. Rc1 Ra5 24. Nb3 Rxa2 25. Nxd4 exd4 26. Qxd4 b3 0-1

[Event "Split op 2nd"]
[Site "Split"]
[Date "2012.08.16"]
[Round "6"]
[White "Messina, Roberta"]
[Black "Sivic, Jernej"]
[Result "1-0"]
[WhiteElo "1992"]
[BlackElo "2119"]
[PlyCount "139"]
[EventDate "2012.08.11"]
[EventType "swiss"]
[EventRounds "9"]
[EventCountry "CRO"]
[SourceTitle "CBM 149 Extra"]
[Source "ChessBase"]
[SourceDate "2012.08.24"]
[SourceVersion "1"]
[SourceVersionDate "2012.08.24"]
[SourceQuality "1"]

1. e4 e6 2. Qe2 g6 3. g3 b6 4. Bg2 Bb7 5. Nf3 Bg7 6. h4 Ne7 7. h5 gxh5 8. d3 d5 9. Ng5 Ng6 10. Qxh5 Nd7 11. Qe2 h6 12. Nh3 Nc5 13. Nd2 Qd6 14. exd5 Bxd5 15. Nc4 Qc6 16. Bxd5 Qxd5 17. Rh2 0-0-0 18. Nf4 Nxf4 19. Bxf4 e5 20. Qg4+ Ne6 21. Bd2 h5 22. Qf5 Kb8 23. Ne3 Qc6 24. 0-0-0 Qa4 25. Kb1 Nd4 26. Qxf7 Bh6 27. Qc4 Qxc4 28. Nxc4 Nf3 29. Rhh1 Bxd2 30. Nxd2 Nxd2+ 31. Rxd2 Rdf8 32. Re2 Rf5 33. Kc1 Rhf8 34. Rh2 Kb7 35. Kd2 Kc6 36. Ke1 Kd5 37. Re4 Rg8 38. Reh4 Rgg5 39. Ke2 c5 40. Ke3 a6 41. R2h3 b5 42. f4 exf4+ 43. gxf4 Rg2 44. Rh2 Rxh2 45. Rxh2 c4 46. dxc4+ bxc4 47. Rg2 c3 48. b3 Ke6 49. Rg6+ Rf6 50. Rxf6+ Kxf6 51. b4 h4 52. a4 Kf5 53. Kf3 h3 54. b5 axb5 55. axb5 h2 56. Kg2 Kxf4 57. b6 Ke3 58. b7 Kd2 59. b8Q Kxc2 60. Qxh2 Kb1 61. Qb8+ Ka2 62. Qc7 Kb2 63. Qb6+ Ka2 64. Qc5 Kb3 65. Qb5+ Ka3 66. Qc4 Kb2 67. Qb4+ Kc2 68. Kf3 Kd3 69. Qd6+ Kc2 70. Ke2 1-0

[Event "Split op 2nd"]
[Site "Split"]
[Date "2012.08.15"]
[Round "5"]
[White "Sivic, Jernej"]
[Black "Bender, Ivan"]
[Result "0-1"]
[WhiteElo "2119"]
[BlackElo "2275"]
[PlyCount "82"]
[EventDate "2012.08.11"]
[EventType "swiss"]
[EventRounds "9"]
[EventCountry "CRO"]
[SourceTitle "CBM 149 Extra"]
[Source "ChessBase"]
[SourceDate "2012.08.24"]
[SourceVersion "1"]
[SourceVersionDate "2012.08.24"]
[SourceQuality "1"]

1. d4 Nf6 2. c4 e6 3. Nc3 Bb4 4. Qc2 0-0 5. a3 Bxc3+ 6. Qxc3 Qe8 7. f3 d6 8. Bg5 Nfd7 9. e4 e5 10. Ne2 exd4 11. Nxd4 f5 12. 0-0-0 fxe4 13. Re1 Nc5 14. b4 Qe5 15. Be3 Ne6 16. fxe4 Nc6 17. Nb5 a5 18. Qxe5 dxe5 19. bxa5 Rxa5 20. Kb2 Ncd4 21. Nc3 Bd7 22. g3 Rfa8 23. Ra1 R8a6 24. c5 Rc6 25. Bc4 Rcxc5 26. Bxe6+ Bxe6 27. Rhd1 Rc4 28. Rd3 c5 29. Rf1 h6 30. Bd2 Ra6 31. Nd5 Bxd5 32. exd5 Rb6+ 33. Ka1 e4 34. Rc3 Nb3+ 35. Rxb3 Rxb3 36. d6 Rxa3+ 37. Kb2 Rd3 38. Bf4 b5 39. Ra1 Ra4 40. Rc1 c4 41. Re1 Rb3+ 0-1

[Event "Split op 2nd"]
[Site "Split"]
[Date "2012.08.12"]
[Round "2"]
[White "Sivic, Jernej"]
[Black "Plenca, Julian"]
[Result "0-1"]
[WhiteElo "2119"]
[BlackElo "2329"]
[PlyCount "72"]
[EventDate "2012.08.11"]
[EventType "swiss"]
[EventRounds "9"]
[EventCountry "CRO"]
[SourceTitle "CBM 149 Extra"]
[Source "ChessBase"]
[SourceDate "2012.08.24"]
[SourceVersion "1"]
[SourceVersionDate "2012.08.24"]
[SourceQuality "1"]

1. d4 Nf6 2. c4 g6 3. Nc3 d5 4. e3 Bg7 5. Nf3 0-0 6. b3 c5 7. Bb2 cxd4 8. Nxd4 Bg4 9. Be2 Bxe2 10. Qxe2 e5 11. Nc2 dxc4 12. Qxc4 Na6 13. Rd1 Qc8 14. Na3 Qf5 15. e4 Qg5 16. 0-0 Rac8 17. Qe2 Nc5 18. Nc4 Ne6 19. Bc1 Qh4 20. Nd5 Nxd5 21. Rxd5 Nd4 22. Qd3 Rfd8 23. Ne3 Rc3 24. Rxd8+ Qxd8 25. Qb1 Bh6 26. Bb2 Bxe3 27. fxe3 Rxe3 28. Rd1 Qh4 29. Kh1 Qxe4 30. Qc1 Re2 31. Rg1 Qc2 32. Bxd4 Qxc1 33. Rxc1 exd4 34. Kg1 Rxa2 35. Rc7 d3 36. Kf1 Ra1+ 0-1

[Event "Nova Gorica op-A 17th"]
[Site "Nova Gorica"]
[Date "2012.01.31"]
[Round "7"]
[White "Mestek, Igor"]
[Black "Sivic, Jernej"]
[Result "1-0"]
[WhiteElo "2198"]
[BlackElo "2129"]
[PlyCount "131"]
[EventDate "2012.01.27"]
[EventType "swiss"]
[EventRounds "9"]
[EventCountry "SLO"]
[SourceTitle "CBM 146 Extra"]
[Source "ChessBase"]
[SourceDate "2012.02.29"]
[SourceVersion "1"]
[SourceVersionDate "2012.02.29"]
[SourceQuality "1"]

1. e4 e6 2. Nc3 d5 3. Nf3 Nf6 4. e5 Nfd7 5. d4 c5 6. dxc5 Nc6 7. Bf4 Bxc5 8. Bd3 f6 9. exf6 Nxf6 10. 0-0 0-0 11. Bg5 Qc7 12. Bh4 a6 13. Bg3 Bd6 14. Re1 Nb4 15. a3 Nxd3 16. cxd3 Bxg3 17. hxg3 Ng4 18. Qa4 h5 19. Qd4 Qf7 20. Nd1 Bd7 21. Ne3 Nh6 22. Re2 Qf6 23. Rae1 Bb5 24. Rd2 Rf7 25. Rc1 Raf8 26. Qe5 Ng4 27. Qxh5 Nxe3 28. fxe3 g6 29. Qe5 Qe7 30. Ng5 Rf6 31. Rc7 Bd7 32. Nf3 Rf5 33. Qd4 Qd6 34. Rdc2 e5 35. Qb4 Qe6 36. Qxb7 Rxf3 37. Rxd7 Rf1+ 38. Kh2 R8f7 39. Rc8+ Kg7 40. Rcc7 Rxd7 41. Rxd7+ Kf6 42. Qxd5 Qe8 43. Qd6+ Kf5 44. e4+ Kg4 45. Rh7 Rf8 46. Qe7 Qxe7 47. Rxe7 Rd8 48. Rxe5 Rxd3 49. Rd5 Rb3 50. Rd2 a5 51. Re2 Rb8 52. e5 Rh8+ 53. Kg1 Kxg3 54. e6 Rc8 55. Re3+ Kf4 56. Kf2 a4 57. e7 Re8 58. Ke2 Kf5 59. Kd3 Kf6 60. Kc4 Kf7 61. Kb4 Rb8+ 62. Kxa4 Ke8 63. b4 Rc8 64. b5 Rc2 65. g3 g5 66. b6 1-0

[Event "SLO-CupT"]
[Site "Slovenia"]
[Date "2011.03.06"]
[Round "1"]
[White "Sivic, Jernej"]
[Black "Titan, Matej"]
[Result "1-0"]
[WhiteElo "2117"]
[BlackElo "2101"]
[PlyCount "81"]
[EventDate "2011.03.06"]
[EventType "team-swiss"]
[EventRounds "5"]
[EventCountry "SLO"]
[SourceTitle "EXT 2019"]
[Source "ChessBase"]
[SourceDate "2018.10.10"]
[SourceVersion "1"]
[SourceVersionDate "2018.10.10"]
[SourceQuality "1"]
[WhiteTeam "Podpec Invec"]
[BlackTeam "Radenska Pomgrad"]
[WhiteTeamCountry "SLO"]
[BlackTeamCountry "SLO"]

1. d4 Nf6 2. c4 e6 3. Nc3 Bb4 4. Qc2 0-0 5. Bg5 b6 6. a3 Bxc3+ 7. Qxc3 Bb7 8. f3 d5 9. e3 Nbd7 10. cxd5 Nxd5 11. Bxd8 Nxc3 12. Bxc7 Nd5 13. Bf4 Nxf4 14. exf4 Rac8 15. Bd3 Rfd8 16. Ne2 f5 17. Kf2 Nf6 18. Rac1 Nd5 19. Bc4 Kf7 20. Bxd5 Bxd5 21. Rxc8 Rxc8 22. Rc1 Rxc1 23. Nxc1 Bc4 24. b3 Bb5 25. Na2 Ke7 26. Nc3 Bc6 27. Ke3 Bd5 28. Nxd5+ exd5 29. Kf2 Kf6 30. Kg3 Kf7 31. Kh4 Kg6 32. g4 a6 33. a4 a5 34. Kg3 Kf6 35. Kh3 Kf7 36. gxf5 h6 37. Kg4 Ke7 38. f6+ Kxf6 39. f5 Kf7 40. Kf4 Kf6 41. h3 1-0

[Event "SLO-chT2 West"]
[Site "Slovenia"]
[Date "2010.11.06"]
[Round "3.3"]
[White "Sivic, Jernej"]
[Black "Jelen, Ales"]
[Result "1-0"]
[WhiteElo "2078"]
[BlackElo "1802"]
[PlyCount "105"]
[EventDate "2010.11.05"]
[EventType "team-tourn"]
[EventRounds "9"]
[EventCountry "SLO"]
[SourceTitle "EXT 2022"]
[Source "ChessBase"]
[SourceDate "2021.10.06"]
[SourceVersion "1"]
[SourceVersionDate "2021.10.06"]
[SourceQuality "1"]

1. d4 e6 2. c4 d5 3. Nc3 c5 4. cxd5 exd5 5. Nf3 Nc6 6. e3 Nf6 7. Be2 Be6 8. 0-0 Be7 9. dxc5 Bxc5 10. Na4 Be7 11. b3 0-0 12. Bb2 Ne4 13. Nd4 Bf6 14. Nxc6 bxc6 15. Bxf6 Qxf6 16. Rc1 Rac8 17. Nc5 Nxc5 18. Rxc5 Qb2 19. Qc2 Qxc2 20. Rxc2 c5 21. Rfc1 c4 22. bxc4 dxc4 23. Bxc4 Bxc4 24. Rxc4 Rxc4 25. Rxc4 Rb8 26. Kf1 Kf8 27. Ra4 Rb7 28. Ke2 Ke7 29. Ra6 Kd7 30. e4 Ke7 31. Ke3 Rd7 32. h4 Ke8 33. g4 Kd8 34. Kf4 Rb7 35. f3 Kd7 36. Kf5 Ke7 37. h5 Rc7 38. g5 Rb7 39. e5 Rc7 40. f4 Rb7 41. g6 hxg6+ 42. hxg6 Rc7 43. a3 Rb7 44. gxf7 Kxf7 45. e6+ Kf8 46. Kg6 Rc7 47. f5 Rb7 48. Rd6 Rb3 49. Rd8+ Ke7 50. Rd7+ Kf8 51. Rf7+ Ke8 52. Rxg7 Rxa3 53. Kf6 1-0

[Event "SLO-ch U20 qual"]
[Site "Otocec"]
[Date "2010.07.10"]
[Round "7"]
[White "Stajner, Samo"]
[Black "Sivic, Jernej"]
[Result "1/2-1/2"]
[WhiteElo "2287"]
[BlackElo "2085"]
[PlyCount "119"]
[EventDate "2010.07.06"]
[EventType "swiss"]
[EventRounds "9"]
[EventCountry "SLO"]
[SourceTitle "EXT 2012"]
[Source "ChessBase"]
[SourceDate "2011.11.24"]
[SourceVersion "1"]
[SourceVersionDate "2011.11.24"]
[SourceQuality "1"]

1. Nf3 d5 2. d4 Nf6 3. c4 c6 4. e3 Bf5 5. Nc3 e6 6. Nh4 Bg6 7. Nxg6 hxg6 8. a3 Nbd7 9. g3 Bd6 10. f4 Nh5 11. Qf3 f5 12. c5 Be7 13. g4 Nhf6 14. g5 Ne4 15. Nxe4 dxe4 16. Qg2 Kf7 17. Bc4 b5 18. Bb3 a5 19. h4 a4 20. Ba2 Rh5 21. b3 axb3 22. Bxb3 Nb8 23. Bd1 Rh8 24. Bb3 Rh5 25. Qa2 Qd7 26. Bd2 Bd8 27. Kf2 Na6 28. a4 Nc7 29. Qb2 bxa4 30. Rxa4 Rxa4 31. Bxa4 Nd5 32. Qb8 Bc7 33. Qa8 Nxf4 34. Bxc6 Nd3+ 35. Ke2 Qd8 36. Ra1 Qxa8 37. Bxa8 Ke7 38. Ra7 Kd8 39. c6 Rxh4 40. Ba5 Bxa5 41. Rxa5 Rh2+ 42. Kf1 Rf2+ 43. Kg1 Re2 44. d5 exd5 45. Rxd5+ Kc8 46. Rd7 Rxe3 47. Bb7+ Kb8 48. Ba6 Re1+ 49. Kg2 Rc1 50. Rb7+ Ka8 51. c7 Nf4+ 52. Kg3 Nh5+ 53. Kf2 Nf4 54. Rb8+ Ka7 55. c8Q Rxc8 56. Rxc8 Kxa6 57. Kg3 Kb7 58. Re8 Nh5+ 59. Kf2 Kc7 60. Re6 1/2-1/2

[Event "SLO-CupT"]
[Site "Slovenia"]
[Date "2010.05.09"]
[Round "1"]
[White "Sivic, Jernej"]
[Black "Nerat, Ivan"]
[Result "0-1"]
[WhiteElo "2085"]
[BlackElo "2012"]
[PlyCount "90"]
[EventDate "2010.05.09"]
[EventType "team-swiss"]
[EventRounds "5"]
[EventCountry "SLO"]
[SourceTitle "EXT 2024"]
[Source "ChessBase"]
[SourceDate "2023.10.10"]
[SourceVersion "1"]
[SourceVersionDate "2023.10.10"]
[SourceQuality "1"]
[WhiteTeam "Podpec SD"]
[BlackTeam "Rokada Lendava"]
[WhiteTeamCountry "SLO"]
[BlackTeamCountry "SLO"]

1. d4 e6 2. c4 Nf6 3. Nc3 Bb4 4. Qc2 b6 5. Bg5 h6 6. Bh4 Bb7 7. f3 d5 8. e3 0-0 9. a3 Be7 10. Bd3 c5 11. dxc5 bxc5 12. Nge2 Nc6 13. 0-0 Ne5 14. cxd5 exd5 15. b3 Rc8 16. Rfd1 Qb6 17. Na4 Qa5 18. Be1 Qc7 19. Bb5 Ned7 20. Nec3 Qe5 21. Bf2 Bd6 22. f4 Qe7 23. Qe2 g6 24. Bxd7 Qxd7 25. Bh4 Be7 26. e4 Nxe4 27. Bxe7 Nxc3 28. Nxc3 Rfe8 29. Re1 Rc7 30. Rad1 d4 31. Na4 Qd5 32. Qf2 Rexe7 33. b4 Rxe1+ 34. Rxe1 cxb4 35. axb4 Kg7 36. Nc5 Bc8 37. Rd1 a5 38. Rxd4 Qf5 39. Qb2 Qf6 40. Ne4 Rc1+ 41. Qxc1 Qxd4+ 42. Nf2 axb4 43. h4 Bf5 44. h5 b3 45. Kf1 b2 0-1

[Event "Nova Gorica op-A 15th"]
[Site "Nova Gorica"]
[Date "2010.02.05"]
[Round "8"]
[White "Sivic, Jernej"]
[Black "Debevec, Blaz"]
[Result "1/2-1/2"]
[WhiteElo "2062"]
[BlackElo "2029"]
[PlyCount "26"]
[EventDate "2010.01.31"]
[EventType "swiss"]
[EventRounds "9"]
[EventCountry "SLO"]
[SourceTitle "CBM 134 Extra"]
[Source "ChessBase"]
[SourceDate "2010.03.03"]
[SourceVersion "1"]
[SourceVersionDate "2010.03.03"]
[SourceQuality "1"]

1. d4 d5 2. c4 c6 3. Nf3 Nf6 4. Nc3 e6 5. Bg5 h6 6. Bxf6 Qxf6 7. e3 Nd7 8. Bd3 g6 9. 0-0 Bg7 10. Rc1 0-0 11. Qe2 Qe7 12. e4 dxe4 13. Nxe4 e5 1/2-1/2